Anuari econòmic comarcal Caixa de Catalunya 1995 : estimació del PIB comarcal 1994 / direcció: Josep Oliver i Alonso ; estudis comarcals : l'Alt Urgell, l'Alta Ribagorça, el Berguedà, la Cerdanya, el Pallars Jussà, el Pallars Sobirà, el Solsonès, la Val d'Aran ; direcció: Antoni Soy i Casals estimació del PIB comarcal 1994 / direcció:
MARC
| LEADER | 00000nam a2200000Ia 4500 | ||
|---|---|---|---|
| 001 | 11046 | ||
| 008 | 160829s1995 xx 000 0 cat d | ||
| 080 | |a M-1-171 | ||
| 245 | |a Anuari econòmic comarcal Caixa de Catalunya 1995 : |b estimació del PIB comarcal 1994 / direcció: |b Josep Oliver i Alonso ; estudis comarcals : |b l'Alt Urgell, l'Alta Ribagorça, el Berguedà, la Cerdanya, el Pallars Jussà, el Pallars Sobirà, el Solsonès, la Val d'Aran ; direcció: |b Antoni Soy i Casals | ||
| 260 | |a Barcelona : |b Caixa d'Estalvis de Catalunya, |c 1995 | ||
| 300 | |a 294 p. ; |c 28 cm | ||
| 650 | |a Catalunya |x Condicions econòmiques |x Estadístiques |9 32657 | ||
| 650 | |a Producte nacionaI brut |x Catalunya |9 32658 | ||
| 700 | |a Oliver i Alonso, Josep, dir. |9 32655 |e editor literari | ||
| 700 | 1 | |a Soy, Antoni, |d 1950- |e editor literari |9 42665 | |
| 901 | |a Arxiu | ||
| 942 | |n 1 |2 udc | ||
| 952 | |0 0 |1 0 |4 0 |6 M1171 |7 1 |9 46061 |a Arxiu |b Arxiu |d 2016-12-01 |l 0 |o M-1-171 |p 11046 |r 2016-12-01 00:00:00 |w 2016-12-01 |y ARXIU | ||
| 999 | |c 49562 |d 49562 | ||